Corporate accounting
| Main Authors: | , |
|---|---|
| Format: | Book |
| Published: |
Sydney
Prentice Hall
c1993
|
| Edition: | 4th ed. |
| Subjects: |
MARC
| LEADER | 00000cam a2200000 7i4500 | ||
|---|---|---|---|
| 001 | 0000001169 | ||
| 008 | 021118n | ||
| 020 | |a 0724801804 | ||
| 090 | 0 | 0 | |a HF5686.C7 |b C5 1993 |
| 100 | 0 | |a Clift, R. C. |q (Robert Charles) |d 1929- |e author | |
| 245 | 0 | 0 | |a Corporate accounting |c Robert C. Clift, Michele A. Sims |
| 250 | |a 4th ed. | ||
| 260 | 2 | |a Sydney |b Prentice Hall |c c1993 | |
| 300 | |a vi, 804 p. ; |c 25 cm. | ||
| 650 | 0 | |a Corporations |z Australia |x Accounting | |
| 700 | 0 | |a Sims, Michele A. |e author | |
| 999 | |a 1000016977 |b Book |c OPEN SHELF (30 DAYS) |e Gong Badak Campus | ||